000 00427 a2200157 4500
020 _a9788131705926
040 _aDLC
_bDLC
082 _a005.1
100 _aTate, Kevin
245 _aSustainable software development : an agile perspective
_cTate, Kevin
260 _aNew Delhi
_bPearson education
_c2006
300 _a226 p.
650 _aComputer software--Development
700 _aTate, Kevin
942 _cBK
_k005.1 TAT
_2ddc
999 _c10761
_d10761